| 000 | 00833cam a22002531 4500 | ||
|---|---|---|---|
| 001 | he 65001470 | ||
| 003 | DLC | ||
| 005 | 20260227111434.0 | ||
| 008 | 840406s1965 nyu 000 0 heb | ||
| 010 | _ahe 65001470 | ||
| 035 | _a(OCoLC)19158825 | ||
| 040 |
_aDLC _cMH _dDLC |
||
| 042 | _apremarc | ||
| 050 | 0 | 0 |
_aBM658.2 _b.G7 |
| 100 | 1 | _aOrenstein, Walter. | |
| 245 | 1 | 0 | _aSheliaḥ tsibur ba-halakhah. |
| 260 |
_aNew York : _bHistadrut ha-ḥazanim de-Ameriḳah, Yeshivah Universiṭah, _c725 [1965] |
||
| 300 |
_a167 p. ; _c24 cm. |
||
| 500 | _aAdded t.p.: The cantor's manual of halakhah. | ||
| 500 | _aHebrew and English; "Liḳuṭim (p. [111]-167) in Hebrew only. | ||
| 650 | 0 |
_aCantors (Judaism) _vHandbooks, manuals, etc. |
|
| 740 | 0 | _aCantor's manual of halakhah. | |
| 752 |
_aUnited States _bNew York _dNew York |
||
| 999 |
_c31381 _d31381 |
||